<?xml version="1.0" encoding="UTF-8"?>
<record
    xmlns:xsi="http://www.w3.org/2001/XMLSchema-instance"
    xsi:schemaLocation="http://www.loc.gov/MARC21/slim http://www.loc.gov/standards/marcxml/schema/MARC21slim.xsd"
    xmlns="http://www.loc.gov/MARC21/slim">

  <leader>01140njm a22003137a 4500</leader>
  <controlfield tag="005">20100915101217.0</controlfield>
  <controlfield tag="007">sd ammalaaahaa</controlfield>
  <controlfield tag="008">100915t        xxu||||| |||| 00| 0 hin d</controlfield>
  <datafield tag="028" ind1=" " ind2=" ">
    <subfield code="a">S/MOCE. 3007</subfield>
    <subfield code="b">ODEON</subfield>
  </datafield>
  <datafield tag="035" ind1=" " ind2=" ">
    <subfield code="a">GR-02620</subfield>
  </datafield>
  <datafield tag="040" ind1=" " ind2=" ">
    <subfield code="a">SED/VEN</subfield>
  </datafield>
  <datafield tag="100" ind1=" " ind2=" ">
    <subfield code="a">Ganguly, Sunil</subfield>
    <subfield code="9">1184</subfield>
  </datafield>
  <datafield tag="245" ind1=" " ind2=" ">
    <subfield code="a">Ek din bik jayega :</subfield>
    <subfield code="c">by Sunil Ganguly</subfield>
    <subfield code="h">[sound recording] :</subfield>
    <subfield code="b">Instrumental /</subfield>
  </datafield>
  <datafield tag="246" ind1=" " ind2=" ">
    <subfield code="a">&#x90F;&#x915; &#x926;&#x93F;&#x928; &#x92C;&#x93F;&#x915; &#x91C;&#x93E;&#x92F;&#x947;&#x917;&#x93E; (&#x938;&#x941;&#x928;&#x940;&#x932; &#x917;&#x93E;&#x902;&#x917;&#x941;&#x932;&#x940; )</subfield>
  </datafield>
  <datafield tag="260" ind1=" " ind2=" ">
    <subfield code="a">Dum Dum India</subfield>
    <subfield code="b">ODEON</subfield>
    <subfield code="c">1976</subfield>
  </datafield>
  <datafield tag="300" ind1=" " ind2=" ">
    <subfield code="a">1 sound disc [Gramophone record] :</subfield>
    <subfield code="b">analog, 33 3/1 rpm</subfield>
    <subfield code="c">12 in.</subfield>
    <subfield code="f">Gramophone Record</subfield>
  </datafield>
  <datafield tag="500" ind1=" " ind2=" ">
    <subfield code="a">Brief Record</subfield>
  </datafield>
  <datafield tag="500" ind1=" " ind2=" ">
    <subfield code="a">ODEON</subfield>
  </datafield>
  <datafield tag="500" ind1=" " ind2=" ">
    <subfield code="a">Black</subfield>
  </datafield>
  <datafield tag="500" ind1=" " ind2=" ">
    <subfield code="a">Long  Playing</subfield>
  </datafield>
  <datafield tag="505" ind1=" " ind2=" ">
    <subfield code="a">Jan -e -man Jan e-man part 2 Sunil Ganguly) &#x91C;&#x93E;&#x928;&#x947; &#x92E;&#x928; &#x91C;&#x93E;&#x928;&#x947; &#x92E;&#x928; &#x92A;&#x93E;&#x930;&#x94D;&#x91F; &#x967; (&#x938;&#x941;&#x928;&#x940;&#x932; &#x917;&#x93E;&#x902;&#x917;&#x941;&#x932;&#x940; )</subfield>
  </datafield>
  <datafield tag="650" ind1=" " ind2=" ">
    <subfield code="2">Instrumental</subfield>
    <subfield code="x">Excerpts</subfield>
    <subfield code="z">India</subfield>
    <subfield code="9">20098</subfield>
  </datafield>
  <datafield tag="700" ind1=" " ind2=" ">
    <subfield code="9">20099</subfield>
  </datafield>
  <datafield tag="700" ind1=" " ind2=" ">
    <subfield code="9">20100</subfield>
  </datafield>
  <datafield tag="700" ind1=" " ind2=" ">
    <subfield code="9">20126</subfield>
  </datafield>
  <datafield tag="700" ind1=" " ind2=" ">
    <subfield code="9">20127</subfield>
  </datafield>
  <datafield tag="942" ind1=" " ind2=" ">
    <subfield code="2">ddc</subfield>
    <subfield code="c">GR</subfield>
  </datafield>
  <datafield tag="999" ind1=" " ind2=" ">
    <subfield code="c">46013</subfield>
    <subfield code="d">46013</subfield>
  </datafield>
  <datafield tag="952" ind1=" " ind2=" ">
    <subfield code="0">0</subfield>
    <subfield code="1">0</subfield>
    <subfield code="2">ddc</subfield>
    <subfield code="4">0</subfield>
    <subfield code="7">1</subfield>
    <subfield code="8">NFIC</subfield>
    <subfield code="a">L</subfield>
    <subfield code="b">L</subfield>
    <subfield code="d">2010-09-15</subfield>
    <subfield code="e">SED/VEN</subfield>
    <subfield code="l">0</subfield>
    <subfield code="p">GR-02620</subfield>
    <subfield code="r">2010-09-15 00:00:00</subfield>
    <subfield code="t">1</subfield>
    <subfield code="w">2010-09-15</subfield>
    <subfield code="y">GR</subfield>
  </datafield>
</record>
